| 000 | 01438nam a2200253 a 4500 | ||
|---|---|---|---|
| 001 | 83040 | ||
| 003 | BD-RjUL | ||
| 005 | 20240211154053.0 | ||
| 008 | 240211s1984 bg ||||| m||| 00| 0 ben d | ||
| 035 | _a(BD-RjUL)83040 | ||
| 040 |
_aBD-RjUL _bben / eng _cBD-RjUL _dBD-RjUL |
||
| 041 | _aben | ||
| 082 |
_223 _a891.4414 _bASR 1984 |
||
| 100 |
_aআসাদুজ্জামান, মহাম্মদ _911630 |
||
| 245 | 1 | 0 |
_aরবীন্দ্রনাথের কাহিনী কবিতা / _cমহাম্মদ আসাদুজ্জামান ; _6গবেষণা পরিচালক : কাজী আব্দুল মান্নান |
| 260 |
_aরাজশাহী : _bবাংলা বিভাগ, রাজশাহী বিশ্ববিদ্যালয়, _c১৯৮৪ |
||
| 300 |
_a[৪], ২৯০ পাতা ; _c২৯ সেমি. |
||
| 502 | _aথিসিস (পিএইচ. ডি.) -- বাংলা বিভাগ, রাজশাহী বিশ্ববিদ্যালয়, ১৯৮৪ | ||
| 504 | _aতথ্যপঞ্জি : পাতা ২৮৫-২৯০ | ||
| 650 |
_aবাংলা সাহিত্য _vইতিহাস ও সমালোচনা |
||
| 650 |
_aBengali literature _vHistory and Criticism |
||
| 700 |
_aমান্নান, কাজী আব্দুল, গবেষণা পরিচালক _911631 |
||
| 942 |
_2ddc _cTHE |
||
| 999 |
_c83040 _d83040 |
||